00588nam a2200181 a 450000100060000000300090000600800410001502000150005604000280007108200180009910000500011724500450016726000430021230000110025549000260026665000570029265000570034920219CO-ViMGA141112s2004 ck r 000 u spa d a9588160111 aCO-ViMGAbspacCO-ViMGA04a330.986 R377e1 aRestrepo, Juan Camilo; Betancur, Luis Ignacio10aEconomía y conflicto Colombo - Peruano aBogotá : bVillegas editores, c2001 a166 p. aVillegas - Economía14aCOLOMBIA - RELACIONES EXTERIORES - PERU, 1932 - 193414aFRONTERAS Y CONFLICTO - COLOMBIA - PERU, 1932 - 1934